| 000 | 00371nam a2200145Ia 4500 | ||
|---|---|---|---|
| 008 | 210716s2002 xx 000 0 und d | ||
| 041 | _aeng | ||
| 082 | _a004.65 BAGV | ||
| 100 | _aBagad, Vilas; Dhotre, Iresh. | ||
| 245 | _aData communication. | ||
| 250 | _a1 | ||
| 260 |
_aNew Delhi _bTechnical Publications _c2002 |
||
| 300 | _avii,194 | ||
| 650 | _aComputer Networks | ||
| 999 |
_c186302 _d186302 |
||